| 000 | 00933nam a2200253 4500 | ||
|---|---|---|---|
| 003 | OSt | ||
| 005 | 20260530115308.0 | ||
| 008 | 260421b1999 mx a|||| |||| 00| 0 spa d | ||
| 040 |
_aICI _bspa _cICI |
||
| 041 | _aspa | ||
| 050 | 4 |
_aNA750 _bA584 1999 |
|
| 245 | 1 | 0 |
_aAnuario de estudios de arquitectura : _bhistoria, critica, conservacion 1999 / _ced. de este numero Luis F. Guerrero Baca, Luisa Martínez Leal |
| 264 | 1 |
_bUAM, Unidad Azcapotzalco, _c1999 _aMéxico, D.F. : |
|
| 300 | _a197 páginas | ||
| 336 |
_atexto _2rdacontent |
||
| 337 |
_asin medio _2rdamedia |
||
| 338 |
_avolumen _2rdacarrier |
||
| 650 | 4 |
_aArquitectura _vAnuarios _zMéxico _932374 |
|
| 650 | 4 |
_aArquitectura _vAnuarios _xConservación y restauración _zMéxico |
|
| 700 | 1 |
_aGuerrero Baca, Luis Fernando, _eeditor |
|
| 700 | 1 |
_bMartínez Leal, Luisa, _eeditor _929372 |
|
| 710 | 2 |
_aUniversidad Autónoma Metropolitana _bUnidad Azcapotzalco |
|
| 942 |
_2lcc _cBK |
||
| 999 |
_c13207 _d13207 |
||